000 00818cam a2200301 i 4500
001 0000799
003 DO-SdBNP
005 20180207132012.0
007 0000799
008 100514s 2000 mx a | |||| 000 f spa
015 _a
017 _a
_b
020 _a9681909771
035 _a
040 _aBPMSU
_bspa
_cBPMSU
_e
080 _a
100 1 _aJanosch
_d1931-
_qEckert, Horst
245 1 0 _aLeo pulgamágica /
_h
_cJanosch ; traducción Genoveva Dieterich
260 _aMéxico :
_bAlfaguara,
_c2000.
300 _a145 p.:
_bil.
_c20 m
490 1 _aAlfaguara infantil
500 _aIncluye datos biográficos de la autora.
700 1 2 _aDieterich, Genoveva
_etrad.
830 0 _aAlfaguara infantil
942 _2ddc
_cBK
945 _ainventariado, 2018 / dg
956 _aYLOCKWARD
_810
_cBPMSU
999 _c11871
_d11871